Homophones Quiz - Statistics

General Stats
  • This quiz has been taken 131 times
  • The average score is 40 of 53
Answer Stats
Hint Answer % Correct
Maid Made
100%
Flour Flower
99%
Plain Plane
99%
For Four
98%
Bear Bare
96%
Piece Peace
96%
Coarse Course
95%
See Sea
95%
Cereal Serial
95%
No Know
94%
Cent Scent
94%
Night Knight
92%
Morning Mourning
91%
Genes Jeans
90%
Him Hymn
89%
Weather Whether
88%
Waist Waste
86%
Faze Phase
85%
Stake Steak
85%
Manner Manor
84%
Slay Sleigh
84%
Wait Weight
84%
Cymbal Symbol
83%
Baron Barren
82%
Quarts Quartz
82%
Time Thyme
82%
Lesson Lessen
81%
Earn Urn
81%
So Sew
80%
Guessed Guest
79%
Links Lynx
79%
Profit Prophet
77%
Find Fined
75%
Licker Liqour
75%
Sweet Suite
74%
You Ewe
73%
Sealing Ceiling
72%
Air Heir
70%
Patience Patients
70%
Brews Bruise
66%
Packed Pact
66%
Toad Towed
64%
Cue Queue
63%
Mode Mowed
62%
Mints Mince
59%
Rye Wry
48%
Away Aweigh
45%
Shown Shone
45%
Sword Soared
44%
Bald Bawled
43%
Roomer Rumour
41%
Marshal Martial
33%
Use Yews
23%
No matching quizzes found
Score Distribution
Percent of People with Each Score
Percentile by Number Answered
Your Score History
You have not taken this quiz